|
|
|
|
| LEADER |
01585njm a2200457 a 4500 |
| 001 |
000265635 |
| 003 |
CZ BrMZK |
| 005 |
20241217074721.0 |
| 008 |
010907s1992 xr f eng d |
| 028 |
0 |
3 |
|a 31 0152-2 011
|b Multisonic
|
| 040 |
|
|
|a BOA001
|b cze
|
| 080 |
|
|
|a 785.11"18"(086.7)
|2 MRF
|
| 100 |
1 |
|
|a Smetana, Bedřich,
|d 1824-1884
|7 jk01120043
|4 cmp
|
| 240 |
1 |
0 |
|a Má vlast
|7 aun2006373489
|
| 245 |
1 |
0 |
|a My Country
|h [zvukový záznam] :
|b cycle of symphonic poems /
|c Bedřich Smetana.
|
| 246 |
3 |
3 |
|a Z českých luhů a hájů
|
| 246 |
3 |
|
|a Šárka
|
| 246 |
3 |
3 |
|a Má vlast
|
| 246 |
3 |
3 |
|a Blaník
|
| 246 |
3 |
3 |
|a Tábor
|
| 246 |
3 |
3 |
|a Vltava
|
| 246 |
3 |
3 |
|a Vyšehrad
|
| 260 |
|
|
|a Praha :
|b Multisonic,
|c p1973, c1992
|
| 300 |
|
|
|a 1 CD ;
|c 12 cm +
|e 1 brožura (11 s.).
|
| 306 |
|
|
|a 011541
|
| 490 |
1 |
|
|a Historical recording
|
| 490 |
1 |
|
|a Prague Spring Collection
|
| 500 |
|
|
|a Nahr. 1973
|
| 500 |
|
|
|a Durata 75:41
|
| 500 |
|
|
|a Text v brožuře vícejaz.
|
| 505 |
2 |
|
|a Vyšehrad, Vltava, Šárka...[et al.]
|
| 511 |
0 |
|
|a Symfonický orchestr Čs. rozhlasu, řídí Jaroslav Krombholc
|
| 653 |
0 |
|
|a symfonické básně
|a symfonický orchestr
|
| 700 |
1 |
|
|a Krombholc, Jaroslav,
|d 1918-1983
|7 jk01063408
|4 cnd
|
| 710 |
2 |
|
|a Symfonický orchestr Československého rozhlasu
|7 ko2003186625
|4 prf
|
| 830 |
|
0 |
|a Historical recording
|
| 830 |
|
0 |
|a Prague Spring Collection
|
| 910 |
|
|
|a BOA001
|b CD-0000.767
|
| 964 |
|
|
|a Básně symfonické
|z stol.19.
|x CD
|
| 990 |
|
|
|a AV
|
| 996 |
6 |
|
|b 261H000785
|c CD-0000.767
|l MZK
|r Sklad / do 24 hodin
|n 1
|w 000265635
|u 000010
|a 1
|e BOA001
|j MZK50
|s P
|